Southville International School and Colleges
Your cart is empty.
  • Cart
  • Lists
    Public lists Eva Luna New books Lux_list list_1
    Your lists Log in to create your own lists
  • Log in to your account
  • Your cookies
  • Search history
Southville International School and Colleges
  • Advanced search
  • Recent comments
  • Most popular
  • Libraries

Log in to your account

Log in with GOOGLE


If you do not have an external account, but do have a local account, you can still log in:

  1. Home
  2. MARC view: Basic sociology and anthropology /
Normal view MARC view ISBD view

Basic sociology and anthropology / (Record no. 291232)

[ view plain ]
MARC details
000 -LEADER
fixed length control field 00614nam a2200229Ia 4500
008 - FIXED-LENGTH DATA ELEMENTS--GENERAL INFORMATION
fixed length control field 160303s9999 xx 000 0 und d
020 ## - INTERNATIONAL STANDARD BOOK NUMBER
International Standard Book Number 971-051-305-5
050 ## - LIBRARY OF CONGRESS CALL NUMBER
Classification number FIL HM 51
050 ## - LIBRARY OF CONGRESS CALL NUMBER
Item number .N34 2007
100 ## - MAIN ENTRY--PERSONAL NAME
Personal name Nael, Michael M.
245 ## - TITLE STATEMENT
Title Basic sociology and anthropology /
245 ## - TITLE STATEMENT
Statement of responsibility, etc Michael M. Nael.
260 ## - PUBLICATION, DISTRIBUTION, ETC. (IMPRINT)
Place of publication, distribution, etc City of San Jose Del Monte, Bulacan,
260 ## - PUBLICATION, DISTRIBUTION, ETC. (IMPRINT)
Name of publisher, distributor, etc SUG Pub. House Inc.,
260 ## - PUBLICATION, DISTRIBUTION, ETC. (IMPRINT)
Date of publication, distribution, etc 2007
300 ## - PHYSICAL DESCRIPTION
Extent 150 pages :
300 ## - PHYSICAL DESCRIPTION
Other physical details illustrations ;
300 ## - PHYSICAL DESCRIPTION
Dimensions 21 cm.
500 ## - GENERAL NOTE
General note Includes bibliographical references.
650 ## - SUBJECT ADDED ENTRY--TOPICAL TERM
Topical term or geographic name as entry element Anthropology.
650 ## - SUBJECT ADDED ENTRY--TOPICAL TERM
Topical term or geographic name as entry element Sociology.
Holdings
Withdrawn status Lost status Damaged status Home library Current library Shelving location Date acquired Total Checkouts Full call number Barcode Date last seen Price effective from Koha item type
      South Mansfield College South Mansfield College Filipiniana Section 04/05/2011   FIL HM 51 .N34 2007 SMC05618 03/03/2016 03/03/2016  

Basic sociology and anthropology /

APA

Nael M. M., .Basic sociology and anthropology. City of San Jose Del Monte, Bulacan: .

Chicago

Nael Michael M, .Basic sociology and anthropology. City of San Jose Del Monte, Bulacan: .

Harvard

Nael M. M., .Basic sociology and anthropology. City of San Jose Del Monte, Bulacan: .

MLA

Nael Michael M, .City of San Jose Del Monte, Bulacan: . .

  • Place hold
  • Print
  • Cite
  • Add to your cart (remove)
  • Save record
    BIBTEX Dublin Core MARCXML MARC (non-Unicode/MARC-8) MARC (Unicode/UTF-8) MARC (Unicode/UTF-8, Standard) MODS (XML) RIS
  • More searches
    Search for this title in:
    Other Libraries (WorldCat) Other Databases (Google Scholar) Online Stores (Bookfinder.com) Open Library (openlibrary.org)

Exporting to Dublin Core...

SOUTHVILLE LIBRARY

Southville International School and Colleges Library

1281 Tropical Ave. Cor. Luxembourg St., BF Homes International, Las Pinas City

Tel. No. 8256374 / 252358 Loc. 117/146

Powered by Koha